| 000 | 01704nam a2200337 a 4500 | ||
|---|---|---|---|
| 003 | BLK | ||
| 005 | 20240606103039.0 | ||
| 008 | 210731b bu |||||r|||| 00| | bu d | ||
| 020 | _a9789540914466 | ||
| 040 | _aBLK | ||
| 041 |
_aBUL _cBUL |
||
| 080 |
_aОбщи въпроси на езикознанието и литературата. Филология _b80 _x(497.2)(092) _z80(497.2)(092) |
||
| 080 |
_aБългарски езиковед и деалектолог _b929 Милетич, Любомир Георгиев _z929 Милетич, Любомир Георгиев |
||
| 100 |
_aРайчевски, Стоян Чилов _d1944 - _gФилолог, немска и българска филология. Историк. _9246266 |
||
| 139 |
_aРайчевски, Стоян Чилов _bМ 58 |
||
| 245 |
_aЛюбомир Милетич _cСтоян Райчевски. |
||
| 260 |
_aСофия _bЗахарий Стоянов _c2020 _9209473 _f(Силистра : Ковачев прес) _n978-954-739- ; 978-954-09- ; 954-9559- |
||
| 300 |
_a384 с. : с ил., портр., факс. _c21 см |
||
| 380 | _a80 | ||
| 490 |
_9208452 _aПоредица Дълг и чест |
||
| 504 | _aБиблиогр.: с. 373-379 | ||
| 600 | 0 |
_aМилетич, Любомир Георгиев _d1863-1937 _9364757 |
|
| 650 | 0 |
_9241868 _aЕзиковеди, български |
|
| 650 | 7 |
_9153363 _aДиалектология, българска |
|
| 653 | 7 |
_9182680 _aбългарски езиковеди |
|
| 653 | 7 |
_9181990 _aбиографии |
|
| 852 |
_bП _c80/М 58 Л |
||
| 942 |
_cKNG _n0 _s1 _02 |
||
| 944 |
_aCR _c2021-07-31 _k30560 _lГеновева Генчева |
||
| 999 |
_c426242 _d426242 |
||
| 999 | _d426242 | ||